| Tag |
First Indicator |
Second Indicator |
Subfields |
| LEADER |
00000cam a2200000 4500 |
| 001 |
in00000030453 |
| 005 |
20151007061610.0 |
| 008 |
750522s1954 nyua 00000 eng u |
| 010 |
|
|
|a 54011433
|
| 035 |
|
|
|a (OCoLC)01352003
|
| 035 |
|
|
|9 AAD2548AM
|
| 040 |
|
|
|c ORL
|d TXA
|d UtOrBLW
|
| 049 |
|
|
|a TXAM
|c [241675]
|
| 050 |
0 |
0 |
|a MT50
|b .S37417
|
| 082 |
0 |
|
|a 781.3
|
| 092 |
|
|
|a 781.3
|b S365s
|
| 100 |
1 |
|
|a Schoenberg, Arnold,
|d 1874-1951.
|
| 245 |
1 |
0 |
|a Structural functions of harmony.
|
| 264 |
|
1 |
|a New York :
|b Norton,
|c [1954]
|
| 300 |
|
|
|a 200 pages :
|b illustrations ;
|c 25 cm.
|
| 336 |
|
|
|a text
|b txt
|2 rdacontent
|
| 337 |
|
|
|a unmediated
|b n
|2 rdamedia
|
| 338 |
|
|
|a volume
|b nc
|2 rdacarrier
|
| 536 |
|
|
|a From the Library of Mary Schieffelin, founding member of the American Bach Society, April 2003.
|
| 650 |
|
0 |
|a Harmony.
|
| 999 |
|
|
|a MARS
|
| 999 |
f |
f |
|s 65071327-8d8b-35c6-9d3c-75e96bdfc354
|i a5715f3c-945a-3f4a-9125-427cea4dbe22
|t 0
|
| 952 |
f |
f |
|p storage
|a Texas A&M University
|b J.J. Pickle Campus
|c High Density Repository
|d Remote Storage
|t 0
|e MT50 .S37417
|h Library of Congress classification
|i unmediated -- volume
|m A14801169587
|
| 952 |
f |
f |
|p ric
|a Texas A&M University
|b Rellis Campus
|c Joint Library Facility
|d Remote Storage
|t 0
|e MT50 .S37417
|h Library of Congress classification
|i unmediated -- volume
|m A14830096088
|
| 998 |
f |
f |
|a MT50 .S37417
|t 0
|l Remote Storage
|
| 998 |
f |
f |
|a MT50 .S37417
|t 0
|l Remote Storage
|